Online Catalogue and eLibrary

Are Muslim Men Allowed to Beat There Wives (Record no. 784)

MARC details
000 -LEADER
fixed length control field 00247nam a2200097Ia 4500
008 - FIXED-LENGTH DATA ELEMENTS--GENERAL INFORMATION
fixed length control field 240331s9999 xx 000 0 und d
082 ## - DDC Classification
Class No. 200.042
Item Number - Author Mark ARE
100 ## - MAIN ENTRY--PERSONAL NAME
Personal name Sister in Islam,. ed
245 #0 - TITLE STATEMENT
Title Are Muslim Men Allowed to Beat There Wives
942 ## - Koha item type (Biblio)
Koha item type Books in Stacks (Lending)
Holdings
Lost status Damaged status Collection code Home library Current library Shelving location Date acquired Full call number Accession Number Item type
    Lending WERC Library WERC Library Social Science Cupboard 03/31/2024 200.042 ARE 1268 Books in Stacks (Lending)

© WERC Library